-
BASHIR, DR. PATHAN INAYAT AND SETTY, DR. C. MALLIK ARJUNA
Entry Personal Name
Number of records used in: 1
001 - CONTROL NUMBER
003 - CONTROL NUMBER IDENTIFIER
005 - DATE AND TIME OF LATEST TRANSACTION
- control field:
20251124074220.0
008 - FIXED-LENGTH DATA ELEMENTS
- fixed length control field:
251124|| aca||aabn | a|a d
040 ## - CATALOGING SOURCE
- Original cataloging agency:
JRU
- Transcribing agency:
JRU
100 ## - HEADING--PERSONAL NAME
- Personal name:
BASHIR, DR. PATHAN INAYAT AND SETTY, DR. C. MALLIK ARJUNA
670 ## - SOURCE DATA FOUND
- Source citation:
Work cat.: (JRU)8958: BASHIR, DR. PATHAN INAYAT AND SETTY, DR. C. MALLIK ARJUNA , INTRODUCTION TO NOVEL DRUG DELIVERY SYSTEMS